Mere scraps of rough wood? : 17th-18th dynasty stick shabtis in the Petrie Museum and other collections /
Main Author:
Format: Book
Language: English
Published:
London :
Golden House Publications,
2007.
Series:
GHP Egyptology ;
6.
Egyptology ;
6.
Subjects:
Tags: Add Tag
Call Number: DT59 .E88 v.6
| LEADER | 00926namaa2200277 4500 | ||
|---|---|---|---|
| 001 | 13464 | ||
| 003 | OSt | ||
| 005 | 20260517093727.0 | ||
| 008 | 130303s2007 enka b 000 0 eng d | ||
| 020 | |a 9781906137007 | ||
| 040 | |c ARCE Library | ||
| 043 | |a f-ua--- | ||
| 050 | 4 | |a DT59 .E88 v.6 | |
| 100 | 1 | |a Whelan, Paul, |d 1963-, |e author |9 42113 | |
| 245 | 1 | 0 | |a Mere scraps of rough wood? : |b 17th-18th dynasty stick shabtis in the Petrie Museum and other collections / |c Paul Whelan. |
| 264 | 1 | |a London : |b Golden House Publications, |c 2007. | |
| 300 | |a viii, 151 pages : |b illustrations ; |c 30 cm. | ||
| 490 | 0 | |a GHP Egyptology ; |v 6. | |
| 490 | 0 | |a Egyptology ; |v 6. | |
| 504 | |a Includes bibliographical references. | ||
| 610 | 2 | 0 | |a Petrie Museum of Egyptian Archaeology. |
| 650 | 0 | |a Ushabti. | |
| 651 | 0 | |a Thebes (Egypt : Extinct city) |x Religious life and customs. | |
| 901 | |a reviewed | ||
| 942 | |c BK |2 lcc | ||
| 999 | |c 14541 |d 14541 | ||
